|
|
|
|
| LEADER |
00000nab a2200000 ar4500 |
| 001 |
vtls009526036 |
| 003 |
SK-MaSNL |
| 005 |
20260319071013.0 |
| 008 |
090615c20090427xo |||||||| 000 b|hun |
| 015 |
|
|
|a SNBRB2009/04
|2 snkbucl
|
| 038 |
|
|
|a SNKBUCL
|
| 040 |
|
|
|a DSZK
|b slo
|c DSZK
|e AACR2
|
| 041 |
0 |
|
|a hun
|
| 044 |
|
|
|a xo
|c SK
|
| 080 |
|
|
|a 82:061.7:06.063:808.54
|x (=511.141)
|x (437.6)
|2 1997
|
| 080 |
|
|
|a 808.54:061.7
|x (=511.141)
|x (437.6)
|2 1997
|
| 080 |
|
|
|a 792.2:808.54:061.7
|x (=511.141)
|x (437.6)
|2 1997
|
| 100 |
1 |
|
|a Szászi, Zoltán,
|d 1964-
|4 aut
|9 102323
|
| 245 |
1 |
0 |
|a Versben kellene megírni-
|b jegyzetek a nagykorúvá vált fesztivál – a Tompa Mihályról elnevezett hazai verseny – margójára
|c Szászi Zoltán
|
| 300 |
|
|
|b Fotogr.
|
| 500 |
|
|
|a Obsahuje výsledky súťaže
|
| 611 |
2 |
7 |
|a Celoštátna prehliadka recitátorov Mihálya Tompu
|n (18. :
|d 2009 :
|c Rimavská Sobota, Slovensko)
|2 snkbucl
|9 1038312
|
| 648 |
|
7 |
|a 2009
|2 snkbucl
|9 320114
|
| 650 |
0 |
7 |
|a amatérsky umelecký prednes
|2 SNKPH
|9 84977
|
| 650 |
0 |
7 |
|a divadlo poézie
|2 SNKPH
|9 27022
|
| 773 |
0 |
|
|t Új szó
|g Évf. 62, sz. 96 (27.4.2009), o. 6
|x 1335-7050
|
| 852 |
|
|
|a SNK
|b KIS3GCP
|
| 852 |
|
|
|a DSZK
|b KIS3GCP
|
| 957 |
|
|
|a Rimavská Sobota (Slovensko)
|
| 958 |
|
|
|a HU
|
| 958 |
|
|
|a SK
|
| 958 |
|
|
|a LX
|
| 999 |
|
|
|c 1732003
|d 1733933
|